000 00714 a2200241 4500
001 0000
003 000
005 20251014155622.0
020 _a9781032966366
040 _erda
050 _aTH 151 .W38
100 _aRushton, Trevor (editor)
245 _aWatts Pocket Handbook
_bThe essential guide to property and construction
_cEdited by Trevor Rushton
250 _a30th edition
264 _aLondon
_bRoutledge
_c2026
300 _axxxix, 725p. ill.
336 _2rdacontent
338 _2rdacarrier
504 _aIncludes Index
650 _2
_v
651 _2
942 _2lcc
_cBK
999 _c43761
_d43761